Design and testing of electrical machines (Record no. 23295)

000 -LEADER
fixed length control field 00477nam a22001817a 4500
001 - CONTROL NUMBER
control field 23295
003 - CONTROL NUMBER IDENTIFIER
control field BD-DhUET
008 - FIXED-LENGTH DATA ELEMENTS--GENERAL INFORMATION
fixed length control field 150503b xxu||||| |||| 00| 0 eng d
040 ## - CATALOGING SOURCE
Original cataloging agency DLC
Transcribing agency DLC
Modifying agency BD-DhUET
082 ## - DEWEY DECIMAL CLASSIFICATION NUMBER
Classification number 623.13072
Item number DES/1983
100 ## - MAIN ENTRY--PERSONAL NAME
Personal name Deshpande, M. V.
245 ## - TITLE STATEMENT
Title Design and testing of electrical machines
250 ## - EDITION STATEMENT
Edition statement 1st ed.
260 ## - PUBLICATION, DISTRIBUTION, ETC. (IMPRINT)
Place of publication, distribution, etc. Allahabad
Name of publisher, distributor, etc. Wheeler
Date of publication, distribution, etc. 1983
300 ## - PHYSICAL DESCRIPTION
Extent xvi, 516 p.
Other physical details ill.
650 #0 - SUBJECT ADDED ENTRY--TOPICAL TERM
Topical term or geographic name as entry element Electrical machinery experiments
942 ## - ADDED ENTRY ELEMENTS (KOHA)
Koha item type General Book
Holdings
Price effective from Damaged status Shelving location Sublocation or collection (holding branch) Source of classification or shelving scheme Piece designation (barcode) Location (home branch) Koha date last seen Koha full call number Copy number Lost status Withdrawn status Koha item type Date acquired Koha normalized classification for sorting Not for loan
2015-05-03 Circulation sectionCentral Library, BUET 72434Central Library, BUET2015-05-03623.13072/DES/19831  General Book2015-05-03623_130720000000000_DES_1983 
2015-05-03 Circulation sectionCentral Library, BUET 72432Central Library, BUET2015-05-03623.13072/DES/19832  General Book2015-05-03623_130720000000000_DES_1983 
2015-05-03 Circulation sectionCentral Library, BUET 72431Central Library, BUET2016-04-11623.13072/DES/19833  General Book2015-05-03623_130720000000000_DES_1983 
2015-05-03 Circulation sectionCentral Library, BUET 72433Central Library, BUET2015-05-03623.13072/DES/19834  General Book2015-05-03623_130720000000000_DES_1983 
2015-06-28 Reading sectionCentral Library, BUET 72435Central Library, BUET2015-06-28623.13072/DES/19835  Reading Item2015-06-28623_130720000000000_DES_1983 
2015-06-28 Reading sectionCentral Library, BUET 72683Central Library, BUET2015-06-28623.13072/DES/19836  Reading Item2015-06-28623_130720000000000_DES_1983